[Event "SK Münster 1 - Bahn-SC Wuppertal 1"]
[Site "Oberliga NRW 2017/2018"]
[Date "2017.11.19"]
[Round "3.3"]
[White "Savchenko, Aleksij"]
[Black "Muschik, Benedikt"]
[Result "1-0"]
[WhiteElo "2260"]
[BlackElo "2234"]
[PlyCount "111"]
[EventDate "2017.??.??"]
[WhiteTeam "Bahn-SC Wuppertal 1"]
[BlackTeam "SK Münster 1"]

1. e4 g6 2. Nc3 Bg7 3. g3 c5 4. Bg2 Nc6 5. d3 d6 6. Nge2 Rb8 7. Be3 e5 8. Qd2
Be6 9. O-O Qd7 10. Nd5 h5 11. c3 h4 12. f4 hxg3 13. Nxg3 exf4 14. Bxf4 Be5 15.
Rad1 Kf8 16. Bxe5 dxe5 17. Qg5 Bh3 18. Bxh3 Qxh3 19. Rf2 Qh6 20. Rdf1 Rh7 21.
Qg4 Nce7 22. Qe6 Qg7 23. Qd6 Rc8 24. Nc7 Qh6 25. Qd7 f6 26. Nd5 Rc6 27. Nxf6
Nxf6 28. Rxf6+ Rxf6 29. Rxf6+ Rf7 30. Qe6 Qe3+ 31. Kg2 Qd2+ 32. Kh3 Rxf6 33.
Qxf6+ Ke8 34. Qxe5 Qxb2 35. Qxc5 Qxa2 36. d4 b6 37. Qb5+ Kf7 38. d5 Qd2 39. Qd7
Kf8 40. d6 Ng8 41. Qc8+ Kg7 42. d7 Qh6+ 43. Kg2 Qd2+ 44. Kf1 Qd1+ 45. Kf2 Qd2+
46. Ne2 Nf6 47. d8=Q Ng4+ 48. Kg3 Qe3+ 49. Kxg4 Qxe2+ 50. Kf4 Qxh2+ 51. Ke3
Qg1+ 52. Kd3 Qd1+ 53. Kc4 Qa4+ 54. Kd5 Qd1+ 55. Kc6 Qa4+ 56. Kc7 1-0

[Event "SK Münster 1 - Bahn-SC Wuppertal 1"]
[Site "Oberliga NRW 2017/2018"]
[Date "2017.11.19"]
[Round "3.4"]
[White "Wolter, Kai"]
[Black "Bashilin, Roman"]
[Result "1/2-1/2"]
[WhiteElo "2202"]
[BlackElo "2221"]
[PlyCount "34"]
[EventDate "2017.??.??"]
[WhiteTeam "SK Münster 1"]
[BlackTeam "Bahn-SC Wuppertal 1"]

1. e4 e6 2. d4 d5 3. exd5 exd5 4. Nf3 Nf6 5. Bd3 c5 6. O-O c4 7. Be2 h6 8. b3
cxb3 9. axb3 Bd6 10. Ba3 Nc6 11. Bxd6 Qxd6 12. Re1 O-O 13. c3 Re8 14. Bd3 Bg4
15. Nbd2 Rxe1+ 16. Qxe1 Re8 17. Qb1 Qe7 1/2-1/2

[Event "SK Münster 1 - Bahn-SC Wuppertal 1"]
[Site "Oberliga NRW 2017/2018"]
[Date "2017.11.19"]
[Round "3.5"]
[White "Ries, Benjamin"]
[Black "Chilla, Jan Eric"]
[Result "1/2-1/2"]
[WhiteElo "2191"]
[BlackElo "2159"]
[PlyCount "110"]
[EventDate "2017.??.??"]
[WhiteTeam "Bahn-SC Wuppertal 1"]
[BlackTeam "SK Münster 1"]

1. e4 e5 2. Nf3 Nc6 3. Bc4 Bc5 4. c3 Nf6 5. d3 a6 6. O-O d6 7. Bb3 Ba7 8. Nbd2
O-O 9. h3 Be6 10. Re1 Re8 11. Nf1 h6 12. Be3 d5 13. Bxa7 Rxa7 14. exd5 Bxd5 15.
Bc2 Ra8 16. Ne3 Be6 17. Nd2 Qd7 18. Qf3 Rad8 19. Ne4 Nxe4 20. dxe4 Ne7 21. a4
c6 22. Rad1 Qc7 23. Bd3 Bb3 24. Bc4 Bxd1 25. Qxf7+ Kh7 26. Rxd1 Rf8 27. Qh5 g6
28. Qg4 Rxd1+ 29. Nxd1 Qd6 30. Qe2 b5 31. axb5 axb5 32. Bb3 Ng8 33. Bxg8+ Rxg8
34. Ne3 h5 35. h4 Qf6 36. g3 Rd8 37. Kg2 Kg7 38. c4 b4 39. b3 Qd6 40. g4 Qd4
41. Nc2 Qd3 42. Qxd3 Rxd3 43. Nxb4 Rxb3 44. Nxc6 Kf6 45. g5+ Ke6 46. f4 Rb2+
47. Kf3 exf4 48. Kxf4 Rf2+ 49. Ke3 Rh2 50. Nd4+ Kd6 51. Nf3 Rh1 52. Kf4 Rc1 53.
Ne5 Rf1+ 54. Nf3 Rc1 55. Ne5 Rf1+ 1/2-1/2

[Event "SK Münster 1 - Bahn-SC Wuppertal 1"]
[Site "Oberliga NRW 2017/2018"]
[Date "2017.11.19"]
[Round "3.6"]
[White "Kamp, Christoph"]
[Black "Khanukov, Boris"]
[Result "1-0"]
[WhiteElo "2221"]
[BlackElo "2235"]
[PlyCount "157"]
[EventDate "2017.??.??"]
[WhiteTeam "SK Münster 1"]
[BlackTeam "Bahn-SC Wuppertal 1"]

1. c4 Nf6 2. Nc3 e6 3. e4 d5 4. e5 d4 5. exf6 dxc3 6. bxc3 gxf6 7. d4 b6 8. Qf3
c6 9. Bd3 Bb7 10. Ne2 Nd7 11. O-O Bd6 12. Bf4 Qc7 13. Bxd6 Qxd6 14. a4 f5 15.
a5 Rb8 16. axb6 c5 17. Qe3 axb6 18. Bxf5 h5 19. Be4 Bxe4 20. Qxe4 Nf6 21. Qh4
Ng4 22. Ra7 Rh6 23. Rb1 Kf8 24. f3 Ne3 25. Qg5 Nf5 26. Ng3 cxd4 27. Nxf5 exf5
28. Qxf5 Qg6 29. Qxg6 Rxg6 30. cxd4 Rc8 31. Rb4 h4 32. h3 Re8 33. Kf2 Ree6 34.
c5 Rc6 35. Rxb6 Rxb6 36. cxb6 Rxb6 37. Ra2 Rb3 38. Re2 Rb6 39. Re4 Rh6 40. Ke3
Rg6 41. Rg4 Rh6 42. d5 Ke7 43. Ra4 Rg6 44. Ra7+ Ke8 45. Ra2 Ke7 46. Ra7+ Ke8
47. Kf2 Rb6 48. Ra2 Kd7 49. Rd2 Rb4 50. d6 f5 51. g3 f4 52. gxh4 Rb5 53. Rd4
Rb2+ 54. Kf1 Rb1+ 55. Ke2 Rh1 56. Rxf4 Kxd6 57. Kf2 Ke5 58. Kg2 Ra1 59. Rf8 Ra7
60. Rg8 Kf6 61. Kg3 Ra1 62. Rg4 Ra5 63. Rg5 Ra4 64. f4 Ra1 65. h5 Rg1+ 66. Kh4
Rf1 67. Rg4 Ra1 68. h6 Ra8 69. Kh5 Rh8 70. Rg5 Rh7 71. h4 Rh8 72. Rg7 Ra8 73.
Rg6+ Kf5 74. h7 Kxf4 75. Rf6+ Ke5 76. Kg6 Rh8 77. Rf1 Ra8 78. Kg7 Ra7+ 79. Rf7
1-0

[Event "SK Münster 1 - Bahn-SC Wuppertal 1"]
[Site "Oberliga NRW 2017/2018"]
[Date "2017.11.19"]
[Round "3.7"]
[White "Auer, Martin"]
[Black "Bolwerk, Peter"]
[Result "0-1"]
[WhiteElo "2174"]
[BlackElo "2122"]
[PlyCount "62"]
[EventDate "2017.??.??"]
[WhiteTeam "Bahn-SC Wuppertal 1"]
[BlackTeam "SK Münster 1"]

1. g3 Nf6 2. Bg2 g6 3. f4 Bg7 4. Nf3 O-O 5. O-O d6 6. d3 e5 7. fxe5 dxe5 8. e4
c6 9. Qe2 Be6 10. Na3 Nbd7 11. c3 Qa5 12. Kh1 Qa6 13. Nc2 Rad8 14. Be3 Rfe8 15.
Rfd1 c5 16. c4 Qd6 17. Bg1 Nb8 18. Ne3 Nc6 19. Nd5 Bg4 20. Qd2 Nxd5 21. cxd5
Nd4 22. Rf1 f6 23. Be3 Qa6 24. Qc3 Rc8 25. Rf2 Red8 26. b3 Bf8 27. Raf1 Be7 28.
Qd2 Rd6 29. Ne1 Bd8 30. Bxd4 cxd4 31. Qh6 g5 0-1

[Event "SK Münster 1 - Bahn-SC Wuppertal 1"]
[Site "Oberliga NRW 2017/2018"]
[Date "2017.11.19"]
[Round "3.8"]
[White "Rott, Georg"]
[Black "Tueckmantel, Rene"]
[Result "1-0"]
[WhiteElo "2152"]
[BlackElo "2089"]
[PlyCount "113"]
[EventDate "2017.??.??"]
[WhiteTeam "SK Münster 1"]
[BlackTeam "Bahn-SC Wuppertal 1"]

1. e4 e5 2. Nf3 Nc6 3. Bb5 a6 4. Bxc6 dxc6 5. O-O Ne7 6. Nxe5 Qd4 7. Qh5 g6 8.
Qg5 Bg7 9. Nf3 Qxe4 10. Re1 Qb4 11. Nc3 h6 12. Qe3 Be6 13. Ne4 Nd5 14. Qc5
O-O-O 15. c3 Qxc5 16. Nxc5 Bg4 17. Ne5 Rhe8 18. d4 f6 19. Bxh6 fxe5 20. Bxg7
exd4 21. f3 Bf5 22. Bxd4 b6 23. Nb3 c5 24. Be5 a5 25. Rad1 a4 26. Nc1 Kb7 27.
a3 b5 28. g4 Bc8 29. Nd3 Kc6 30. Bg3 Rg8 31. Ne5+ Kb7 32. c4 bxc4 33. Nxc4 Ka6
34. Ne5 Bb7 35. Rc1 Kb5 36. Bf2 Nf4 37. Rxc5+ Ka6 38. Nc6 Bxc6 39. Rxc6+ Kb7
40. Rc4 Nh3+ 41. Kf1 Nxf2 42. Kxf2 Rd2+ 43. Kg3 Rxb2 44. Re7 Rc8 45. Rxa4 Rc2
46. Rb4+ Ka7 47. Rb3 Rc5 48. h4 Rg8 49. Re4 Ra5 50. Reb4 c5 51. Rb7+ Ka8 52.
Rc7 Rb8 53. Rc3 Rbb5 54. Rc6 Ra4 55. Rxg6 Kb7 56. h5 Rba5 57. Re3 1-0

[Event "SV Dinslaken 1 - SF Gerresheim 1"]
[Site "Oberliga NRW 2017/2018"]
[Date "2017.11.19"]
[Round "3.1"]
[White "Orlov, Andrey"]
[Black "Sielecki, Christof"]
[Result "1/2-1/2"]
[WhiteElo "2454"]
[BlackElo "2396"]
[PlyCount "37"]
[EventDate "2017.??.??"]
[WhiteTeam "SF Gerresheim 1"]
[BlackTeam "SV Dinslaken 1"]

1. e4 e5 2. Nf3 Nf6 3. Nxe5 d6 4. Nf3 Nxe4 5. Qe2 Qe7 6. d3 Nf6 7. Bg5 Qxe2+ 8.
Bxe2 Be7 9. Nc3 c6 10. Ne4 Nbd7 11. O-O-O d5 12. Nxf6+ Bxf6 13. Bxf6 Nxf6 14.
Rhe1 O-O 15. Ne5 Re8 16. Bf3 Be6 17. d4 Nd7 18. Nxd7 Bxd7 19. Kd2 1/2-1/2

[Event "SV Dinslaken 1 - SF Gerresheim 1"]
[Site "Oberliga NRW 2017/2018"]
[Date "2017.11.19"]
[Round "3.2"]
[White "Tereick, Benjamin"]
[Black "Kooijmans, Jermo"]
[Result "1/2-1/2"]
[WhiteElo "2332"]
[BlackElo "2279"]
[PlyCount "81"]
[EventDate "2017.??.??"]
[WhiteTeam "SV Dinslaken 1"]
[BlackTeam "SF Gerresheim 1"]

1. Nf3 Nf6 2. g3 d5 3. Bg2 e6 4. O-O Be7 5. c4 O-O 6. d4 dxc4 7. Qc2 a6 8. a4
Bd7 9. Qxc4 Bc6 10. Bf4 Bd6 11. Qc1 a5 12. Nc3 Na6 13. Bg5 Be7 14. Rd1 Nb4 15.
Bxf6 Bxf6 16. e4 g6 17. Qf4 Bg7 18. Rd2 Qe7 19. h4 Rfd8 20. Rad1 Rd6 21. Ne5
Rad8 22. Nb5 Bxb5 23. axb5 c5 24. bxc6 bxc6 25. Nf3 c5 26. e5 R6d7 27. dxc5 Nd3
28. Qe3 Qxc5 29. Qxc5 Nxc5 30. Rxd7 Rxd7 31. Rc1 Bf8 32. Ng5 Rd2 33. Ra1 Nb3
34. Rb1 Rc2 35. Be4 Rd2 36. Nf3 Rd8 37. Kg2 Be7 38. Bc2 Nd4 39. Nxd4 Rxd4 40.
Rd1 Bc5 41. b3 1/2-1/2

[Event "SV Dinslaken 1 - SF Gerresheim 1"]
[Site "Oberliga NRW 2017/2018"]
[Date "2017.11.19"]
[Round "3.3"]
[White "Volkov, Mykyta"]
[Black "Stomberg, Thomas"]
[Result "1/2-1/2"]
[WhiteElo "2178"]
[BlackElo "2352"]
[PlyCount "34"]
[EventDate "2017.??.??"]
[WhiteTeam "SF Gerresheim 1"]
[BlackTeam "SV Dinslaken 1"]

1. d4 e6 2. c4 Bb4+ 3. Bd2 a5 4. Nc3 Nf6 5. Nf3 b6 6. e3 Bb7 7. Bd3 O-O 8. O-O
d6 9. a3 Bxc3 10. Bxc3 Nbd7 11. Re1 Ne4 12. Bxe4 Bxe4 13. Nd2 Bb7 14. b4 axb4
15. axb4 Qe7 16. e4 e5 17. d5 Rxa1 1/2-1/2

[Event "SV Dinslaken 1 - SF Gerresheim 1"]
[Site "Oberliga NRW 2017/2018"]
[Date "2017.11.19"]
[Round "3.4"]
[White "Mundorf, Johannes"]
[Black "Dresen, Ulrich"]
[Result "0-1"]
[WhiteElo "2202"]
[BlackElo "2152"]
[Annotator "Daniel"]
[PlyCount "116"]
[EventDate "2017.??.??"]
[WhiteTeam "SV Dinslaken 1"]
[BlackTeam "SF Gerresheim 1"]

1. Nf3 d5 2. g3 Nf6 3. Bg2 c6 4. c4 Bf5 5. O-O e6 6. d3 Nbd7 7. Be3 Bd6 8. Qb3
Qb8 9. cxd5 exd5 10. Nc3 O-O 11. Rfe1 Re8 12. Rad1 h6 13. Bd4 Bc5 14. Bxc5 Nxc5
15. Qa3 Na6 16. Nh4 Bg4 17. h3 Be6 18. d4 Qc7 19. Kh2 Qb6 20. b3 Rad8 21. Qb2
Rd7 22. a3 Rde7 23. b4 Bc8 24. Qc2 Ne4 25. e3 Qd8 26. Nf3 Bf5 27. Nxe4 Bxe4 28.
Qe2 Nc7 29. Ne5 Bh7 30. Rc1 $11 f6 31. Nd3 Nb5 32. Nf4 Nxd4 33. Qd1 Ne6 34. b5
Nxf4 35. gxf4 cxb5 36. Qxd5+ Qxd5 37. Bxd5+ Kf8 38. Rc5 a6 39. Rec1 Be4 40. Kg3
g5 41. Bxe4 Rxe4 42. fxg5 hxg5 43. Rd1 Kf7 44. Rd3 Rc4 45. Rcd5 Re7 46. f4
Rxe3+ 47. Rxe3 gxf4+ 48. Kf3 fxe3 49. Rd7+ Kg6 50. Rxb7 Ra4 51. Rb6 Kf5 52. h4
Re4 53. Ke2 Re6 54. Rb8 Ke4 55. a4 f5 56. axb5 f4 57. Rf8 axb5 58. h5 b4 0-1

[Event "SV Dinslaken 1 - SF Gerresheim 1"]
[Site "Oberliga NRW 2017/2018"]
[Date "2017.11.19"]
[Round "3.5"]
[White "Van Lanen, Toon"]
[Black "Welzel, Philipp"]
[Result "1-0"]
[WhiteElo "2084"]
[BlackElo "2187"]
[PlyCount "113"]
[EventDate "2017.??.??"]
[WhiteTeam "SF Gerresheim 1"]
[BlackTeam "SV Dinslaken 1"]

1. e4 e5 2. Nf3 Nc6 3. d4 exd4 4. Nxd4 Nf6 5. Nxc6 bxc6 6. Bd3 d5 7. exd5 cxd5
8. O-O Be7 9. c4 d4 10. Na3 c5 11. Bg5 Bg4 12. Qa4+ Qd7 13. Qa5 Qd8 14. Qa6 O-O
15. Rfe1 Bc8 16. Qc6 Bd7 17. Qb7 a6 18. Re2 Be6 19. Rae1 Bd6 20. h3 Qd7 21. Qf3
Qd8 22. Bf5 Bxf5 23. Qxf5 Qc8 24. Qf3 Nd7 25. Qd5 Qb8 26. b3 Nb6 27. Qf5 Qc8
28. Qe4 Qd7 29. Nb1 h6 30. Bf4 d3 31. Re3 d2 32. Rd1 Rae8 33. Qf3 Bxf4 34. Qxf4
Rxe3 35. Qxe3 Re8 36. Qxd2 Qxd2 37. Nxd2 Rd8 38. Kf1 a5 39. Ke2 a4 40. Ne4 Re8
41. Kd3 axb3 42. axb3 Nd7 43. Kc3 f5 44. Rxd7 fxe4 45. Kd2 Rb8 46. Rd5 Rxb3 47.
Rxc5 Rb2+ 48. Ke3 Rc2 49. Rc7 Kh7 50. h4 Kg6 51. g4 Kf6 52. Rc8 h5 53. gxh5 Kf5
54. Rc5+ Kg4 55. Kxe4 Rxf2 56. Rg5+ Kxh4 57. Rxg7 1-0

[Event "SV Dinslaken 1 - SF Gerresheim 1"]
[Site "Oberliga NRW 2017/2018"]
[Date "2017.11.19"]
[Round "3.6"]
[White "Borchert, Rene"]
[Black "Selten, Jan"]
[Result "1-0"]
[WhiteElo "2112"]
[BlackElo "2078"]
[PlyCount "69"]
[EventDate "2017.??.??"]
[WhiteTeam "SV Dinslaken 1"]
[BlackTeam "SF Gerresheim 1"]

1. e4 e6 2. d4 d5 3. exd5 exd5 4. Nf3 Nf6 5. c4 Nc6 6. Nc3 Bg4 7. Be2 Be7 8. c5
O-O 9. O-O Ne4 10. h3 Bh5 11. Be3 Bf6 12. Qa4 Re8 13. Rad1 Ng3 14. fxg3 Rxe3
15. g4 Bg6 16. Bb5 Re6 17. Rfe1 a6 18. Bxc6 Rxc6 19. Qb3 Be4 20. Nxe4 dxe4 21.
Rxe4 b6 22. Rde1 h6 23. cxb6 Rxb6 24. Qc2 Qd7 25. Kh1 Rd6 26. Qc4 Rd8 27. Ne5
Bxe5 28. dxe5 Re6 29. Rc1 Rb8 30. b3 Rb5 31. Rd4 Qe7 32. Qd3 g6 33. Rd8+ Kg7
34. Rd7 Qb4 35. Qf3 1-0

[Event "SV Dinslaken 1 - SF Gerresheim 1"]
[Site "Oberliga NRW 2017/2018"]
[Date "2017.11.19"]
[Round "3.7"]
[White "Sponheim, Marko"]
[Black "Ossig, Rainer"]
[Result "0-1"]
[WhiteElo "2058"]
[BlackElo "2135"]
[PlyCount "110"]
[EventDate "2017.??.??"]
[WhiteTeam "SF Gerresheim 1"]
[BlackTeam "SV Dinslaken 1"]

1. e4 e6 2. d4 d5 3. Nc3 Nc6 4. exd5 exd5 5. Nf3 Bg4 6. Be2 Nf6 7. Bg5 Be7 8.
O-O O-O 9. Re1 Re8 10. h3 Be6 11. a3 Ne4 12. Bxe7 Rxe7 13. Bb5 Nxc3 14. bxc3
Qd6 15. Qd3 g6 16. Bxc6 Qxc6 17. Ne5 Qd6 18. Qf3 Rae8 19. Re3 Kg7 20. g4 f6 21.
Nd3 Bf7 22. Rxe7 Rxe7 23. Qf4 Qxf4 24. Nxf4 g5 25. Ng2 Re6 26. Rb1 b6 27. Ne3
Rc6 28. Rb3 Be6 29. Kf1 Kg6 30. Ke2 Rd6 31. f3 f5 32. Rb1 f4 33. Nd1 Bc8 34.
Kf2 Re6 35. Nb2 Re3 36. Nd1 Re6 37. Nb2 Rc6 38. Nd1 Ba6 39. Rc1 Re6 40. Nb2
Re2+ 41. Kg1 Re3 42. Nd3 Bxd3 43. cxd3 Rxf3 44. c4 Rxd3 45. cxd5 Rxd4 46. Rc6+
Kg7 47. Rxc7+ Kf6 48. Rxh7 Ra4 49. d6 Rxa3 50. d7 Rd3 51. Kf2 b5 52. Ke2 Rd4
53. d8=Q+ Rxd8 54. Rxa7 Rd5 55. Rb7 Ke5 0-1

[Event "SV Dinslaken 1 - SF Gerresheim 1"]
[Site "Oberliga NRW 2017/2018"]
[Date "2017.11.19"]
[Round "3.8"]
[White "Nent, Alexander"]
[Black "Koehler, Markus"]
[Result "1-0"]
[WhiteElo "2062"]
[BlackElo "2056"]
[Annotator "Daniel"]
[PlyCount "125"]
[EventDate "2017.??.??"]
[WhiteTeam "SV Dinslaken 1"]
[BlackTeam "SF Gerresheim 1"]

1. Nf3 c5 2. c4 Nc6 3. d4 cxd4 4. Nxd4 Nf6 5. Nc3 g6 6. e4 d6 7. Be2 Nxd4 8.
Qxd4 Bg7 9. Bg5 O-O 10. Qd2 Qa5 11. f3 Be6 12. Rc1 Rfc8 13. b3 a6 14. Na4 Qxd2+
15. Kxd2 Nd7 16. g4 Kf8 17. Be3 Rab8 18. Nc3 Ne5 19. Rhf1 Bd7 20. Nd5 Nc6 21.
h4 Bd4 22. Nb6 Bxe3+ 23. Kxe3 Rd8 24. Rcd1 Be6 25. f4 f6 26. g5 f5 27. Bd3 fxe4
28. Bxe4 Bg4 29. Bf3 Bf5 30. Rd2 Kg7 31. Rfd1 Rf8 32. h5 gxh5 33. Bxh5 Rbd8 34.
Nd5 Bg6 $11 35. Bg4 e5 36. Nf6 exf4+ 37. Kxf4 h6 38. Rxd6 hxg5+ 39. Kxg5 Rxd6
40. Rxd6 Ne5 41. Nh5+ Bxh5 42. Bxh5 Nf7+ 43. Bxf7 Rxf7 44. Rg6+ Kh7 45. Rf6 Rc7
46. Kf4 Kg7 47. Rf5 Kg6 48. Ke4 Rd7 49. Rf2 Rd6 50. Ke5 Rc6 51. Kd5 Kg7 52. b4
Kg8 53. c5 Rh6 54. Rf4 Rh2 55. a4 Ra2 56. b5 axb5 57. axb5 Rb2 58. b6 Rd2+ 59.
Ke6 Rd8 60. Rf7 Rb8 61. Rc7 Kf8 62. Kd7 Kf7 63. Rc8 1-0

[Event "Oberhausener SV 1 - SV Wattenscheid 1"]
[Site "Oberliga NRW 2017/2018"]
[Date "2017.11.19"]
[Round "3.3"]
[White "Wengenroth, Walter"]
[Black "Stillger, Bernhard"]
[Result "1/2-1/2"]
[WhiteElo "2250"]
[BlackElo "2302"]
[PlyCount "35"]
[EventDate "2017.??.??"]
[WhiteTeam "SV Wattenscheid 1"]
[BlackTeam "Oberhausener SV 1"]

1. e4 e6 2. d4 d5 3. Nd2 c5 4. exd5 exd5 5. Ngf3 Nc6 6. Bb5 Qe7+ 7. Be2 Qc7 8.
O-O Nf6 9. Re1 Be6 10. Bb5 Be7 11. dxc5 Bxc5 12. Nb3 Bb6 13. c4 dxc4 14. Nbd4
O-O-O 15. Bxc6 bxc6 16. Be3 Ng4 17. Qa4 Nxe3 18. Nxe6 1/2-1/2

[Event "SV Wattenscheid 1 - SF Gerresheim 1"]
[Site "Oberliga NRW 2017/2018"]
[Date "2017.12.17"]
[Round "4.1"]
[White "Orlov, Andrey"]
[Black "Wengenroth, Walter"]
[Result "1-0"]
[WhiteElo "2454"]
[BlackElo "2250"]
[PlyCount "75"]
[EventDate "2017.??.??"]
[WhiteTeam "SF Gerresheim 1"]
[BlackTeam "SV Wattenscheid 1"]

1. e4 c5 2. Nf3 e6 3. c3 Nf6 4. Bd3 d5 5. e5 Nfd7 6. Bc2 Nc6 7. d4 Be7 8. O-O
b5 9. Re1 a5 10. Nbd2 cxd4 11. cxd4 Nb6 12. Nf1 a4 13. Ng3 Bd7 14. Nh5 Kf8 15.
Nf4 Nb4 16. Bb1 Rc8 17. Nd3 Qc7 18. Nc5 h6 19. b3 Qa7 20. Qd2 Na6 21. b4 Nc4
22. Qc3 Bc6 23. a3 Ke8 24. Nd2 Bg5 25. f4 Nxc5 26. dxc5 Bh4 27. g3 d4 28. Qxd4
Rd8 29. Qf2 Nxd2 30. Bxd2 Qd7 31. Bc3 Be7 32. Bc2 g6 33. Rad1 Qb7 34. Rd6 Bxd6
35. exd6 Kd7 36. Bxh8 Rxh8 37. Qd4 Qc8 38. Bxg6 1-0

[Event "SV Wattenscheid 1 - SF Gerresheim 1"]
[Site "Oberliga NRW 2017/2018"]
[Date "2017.12.17"]
[Round "4.2"]
[White "Franke, Johannes"]
[Black "Volkov, Mykyta"]
[Result "1/2-1/2"]
[WhiteElo "2265"]
[BlackElo "2178"]
[PlyCount "25"]
[EventDate "2017.??.??"]
[WhiteTeam "SV Wattenscheid 1"]
[BlackTeam "SF Gerresheim 1"]

1. e4 e6 2. d3 d5 3. Nd2 Nf6 4. e5 Nfd7 5. f4 c5 6. Ngf3 Nc6 7. g3 Be7 8. Bh3
b6 9. O-O Qc7 10. a3 Bb7 11. Qe2 g6 12. c4 O-O-O 13. cxd5 1/2-1/2

[Event "SV Wattenscheid 1 - SF Gerresheim 1"]
[Site "Oberliga NRW 2017/2018"]
[Date "2017.12.17"]
[Round "4.3"]
[White "Dresen, Ulrich"]
[Black "Sandkamp, Ralph"]
[Result "1/2-1/2"]
[WhiteElo "2152"]
[BlackElo "2201"]
[PlyCount "50"]
[EventDate "2017.??.??"]
[WhiteTeam "SF Gerresheim 1"]
[BlackTeam "SV Wattenscheid 1"]

1. d4 g6 2. e4 d6 3. c3 Nf6 4. Bd3 Bg7 5. Nf3 O-O 6. O-O c5 7. h3 cxd4 8. cxd4
a6 9. Nc3 b5 10. a4 b4 11. Ne2 Bb7 12. Ng3 Nfd7 13. Be3 Nc6 14. Qd2 a5 15. Rfc1
e5 16. Bb5 Nxd4 17. Nxd4 exd4 18. Bxd4 Bxd4 19. Qxd4 Nc5 20. Bc4 Re8 21. Re1
Qb6 22. Qf6 Qc7 23. Nf5 gxf5 24. Qg5+ Kh8 25. Qf6+ Kg8 1/2-1/2

[Event "SV Wattenscheid 1 - SF Gerresheim 1"]
[Site "Oberliga NRW 2017/2018"]
[Date "2017.12.17"]
[Round "4.4"]
[White "Straeter, Timo"]
[Black "Van Lanen, Toon"]
[Result "1-0"]
[WhiteElo "2305"]
[BlackElo "2084"]
[PlyCount "53"]
[EventDate "2017.??.??"]
[WhiteTeam "SV Wattenscheid 1"]
[BlackTeam "SF Gerresheim 1"]

1. d4 d5 2. c4 e6 3. Nc3 c5 4. e3 Nf6 5. Nf3 Nc6 6. a3 cxd4 7. exd4 Be7 8. Bd3
dxc4 9. Bxc4 O-O 10. O-O b6 11. Ba2 Bb7 12. Re1 Qd6 13. h3 Rfd8 14. Be3 Rac8
15. Qe2 a6 16. Rad1 Qc7 17. Bg5 Kf8 18. d5 exd5 19. Bxf6 Bxf6 20. Nxd5 Qd6 21.
Qe4 Ne7 22. Qxh7 Bxd5 23. Rxd5 Qf4 24. Ne5 Rxd5 25. Qh8+ Ng8 26. Ng6+ fxg6 27.
Bxd5 1-0

[Event "SV Wattenscheid 1 - SF Gerresheim 1"]
[Site "Oberliga NRW 2017/2018"]
[Date "2017.12.17"]
[Round "4.5"]
[White "Selten, Jan"]
[Black "Koerber, Matthias"]
[Result "1/2-1/2"]
[WhiteElo "2078"]
[BlackElo "2195"]
[Annotator "Daniel"]
[PlyCount "66"]
[EventDate "2017.??.??"]
[WhiteTeam "SF Gerresheim 1"]
[BlackTeam "SV Wattenscheid 1"]

1. e4 c5 2. Nf3 d6 3. Bb5+ Nd7 4. O-O a6 5. Bxd7+ Bxd7 6. c3 Nf6 7. Re1 Bc6 8.
e5 dxe5 9. Nxe5 Rc8 10. d4 e6 11. Bg5 Be7 12. dxc5 Qxd1 13. Rxd1 Bxc5 14. Bxf6
gxf6 15. Nxc6 Rxc6 16. Nd2 $11 Ke7 17. Nf3 Rb8 18. Rd3 e5 19. Re1 b5 20. Kf1
Ba7 $11 21. Red1 Rb7 22. Nh4 Ke6 23. g4 h5 24. h3 hxg4 25. hxg4 e4 26. Rd8 b4
27. Nf5 Ke5 28. Ne3 Bxe3 29. fxe3 bxc3 30. bxc3 Rb5 31. c4 Rbc5 32. R1d4 Rc8
33. R8d7 R8c7 1/2-1/2

[Event "SV Wattenscheid 1 - SF Gerresheim 1"]
[Site "Oberliga NRW 2017/2018"]
[Date "2017.12.17"]
[Round "4.6"]
[White "Kaehmann, Joerg"]
[Black "Sponheim, Marko"]
[Result "1/2-1/2"]
[WhiteElo "2135"]
[BlackElo "2058"]
[PlyCount "139"]
[EventDate "2017.??.??"]
[WhiteTeam "SV Wattenscheid 1"]
[BlackTeam "SF Gerresheim 1"]

1. Nf3 c5 2. g3 Nc6 3. c4 g6 4. Bg2 Bg7 5. Nc3 e6 6. O-O Nge7 7. d3 d5 8. cxd5
Nxd5 9. Bd2 O-O 10. Rc1 b6 11. a3 Bb7 12. Qa4 Qd7 13. Nxd5 exd5 14. b4 Ne5 15.
Qxd7 Nxd7 16. Rc2 Rfe8 17. Bf4 f5 18. Rb1 Bc6 19. bxc5 bxc5 20. Kf1 Rac8 21. h4
Ba4 22. Rcc1 Nb6 23. Nd2 h6 24. Be3 Bf8 25. Nb3 d4 26. Bd2 Bxb3 27. Rxb3 Kg7
28. Rcb1 c4 29. dxc4 Nxc4 30. Bc1 Nb6 31. Bb7 Rc7 32. Ba6 Rd8 33. Bd3 Nd5 34.
Rb7 Rdd7 35. Rb8 Kf7 36. a4 Nc3 37. Ra1 Rb7 38. Rc8 Rbc7 39. Rb8 Rb7 40. Ra8 h5
41. a5 Rbc7 42. Kg2 Bd6 43. Kf3 Re7 44. Bg5 Re8 45. Rxe8 Kxe8 46. Rc1 Kf7 47.
a6 Ke6 48. Rc2 Kd5 49. Rb2 Na4 50. Rb8 Rc6 51. Rb7 Rc7 52. Rxc7 Bxc7 53. Bb5
Nc5 54. Be8 Nxa6 55. Bxg6 Ke6 56. Bxh5 Nc5 57. g4 a5 58. gxf5+ Kxf5 59. Be8 a4
60. Bc1 d3 61. exd3 Nxd3 62. Ba3 Ne5+ 63. Ke2 Nc4 64. Bd7+ Kf6 65. Bb4 a3 66.
Bb5 a2 67. Bc3+ Be5 68. Bxc4 Bxc3 69. Bxa2 Bd4 70. f3 1/2-1/2

[Event "SV Wattenscheid 1 - SF Gerresheim 1"]
[Site "Oberliga NRW 2017/2018"]
[Date "2017.12.17"]
[Round "4.8"]
[White "Schroeder, Wilfried"]
[Black "Sapkowski, Wieslaw"]
[Result "1/2-1/2"]
[WhiteElo "2166"]
[BlackElo "1965"]
[PlyCount "117"]
[EventDate "2017.??.??"]
[WhiteTeam "SV Wattenscheid 1"]
[BlackTeam "SF Gerresheim 1"]

1. d4 d5 2. Nf3 Nf6 3. c4 c6 4. Qc2 e6 5. g3 Ne4 6. Bg2 Nd7 7. O-O Be7 8. Nc3
f5 9. Bf4 O-O 10. Ne5 Bf6 11. Rad1 Qa5 12. f3 Nxc3 13. bxc3 Nxe5 14. dxe5 Be7
15. cxd5 cxd5 16. e4 Bd7 17. Qd2 Bc6 18. exf5 Bc5+ 19. Be3 Rxf5 20. f4 Re8 21.
Bxc5 Qxc5+ 22. Qd4 Qxd4+ 23. cxd4 g6 24. Rf2 Rf7 25. Bf1 Kf8 26. Bd3 Ke7 27.
Kg2 Rc8 28. Rc1 Rff8 29. Rfc2 Bd7 30. h4 Rxc2+ 31. Rxc2 Rc8 32. Rxc8 Bxc8 33.
h5 Kf7 34. hxg6+ hxg6 35. g4 Bd7 36. Kg3 b5 37. a3 a5 38. Kh4 Kg7 39. Kg5 Be8
40. Bb1 b4 41. axb4 axb4 42. f5 gxf5 43. gxf5 exf5 44. Ba2 Bc6 45. Kxf5 Kf7 46.
Bb3 Ke7 47. Kf4 Ke6 48. Bc2 Bb5 49. Bf5+ Ke7 50. Ke3 Bc4 51. Kd2 Kf7 52. Ke3
Ke7 53. Kd2 Kf7 54. Ke3 Ke7 55. Bd3 Ke6 56. Kd2 Ke7 57. Ke3 Ke6 58. Kd2 Ke7 59.
Ke3 1/2-1/2

[Event "Bahn-SC Wuppertal 1 - SV Dinslaken 1"]
[Site "Oberliga NRW 2017/2018"]
[Date "2017.12.17"]
[Round "4.1"]
[White "Sielecki, Christof"]
[Black "Savchenko, Vyacheslav"]
[Result "1-0"]
[WhiteElo "2396"]
[BlackElo "2372"]
[PlyCount "85"]
[EventDate "2017.??.??"]
[WhiteTeam "SV Dinslaken 1"]
[BlackTeam "Bahn-SC Wuppertal 1"]

1. Nf3 Nf6 2. c4 d6 3. d4 g6 4. Nc3 Bg7 5. e4 O-O 6. Be2 e5 7. d5 a5 8. Bg5 Na6
9. Nd2 Qe8 10. a3 Bd7 11. b3 Kh8 12. Be3 Ng8 13. f3 f5 14. O-O Bh6 15. Bf2 Qe7
16. Qc2 b6 17. Rab1 Nf6 18. b4 axb4 19. axb4 Nh5 20. Rfd1 Nf4 21. Bf1 g5 22. g3
Nh5 23. exf5 Bxf5 24. Bd3 Bd7 25. Be3 Qg7 26. g4 Nf4 27. Be4 Qe7 28. Nf1 Ra7
29. Ng3 Rfa8 30. Bf5 Be8 31. Nge4 Nb8 32. c5 bxc5 33. bxc5 Ra3 34. Rb7 Nd7 35.
Rxc7 dxc5 36. d6 Qf7 37. Bxf4 exf4 38. Bxd7 Bxd7 39. Nxc5 Rd8 40. Qb2 Ra5 41.
Rxd7 Rxd7 42. Nd5+ Qg7 43. Qb8+ 1-0

[Event "Bahn-SC Wuppertal 1 - SV Dinslaken 1"]
[Site "Oberliga NRW 2017/2018"]
[Date "2017.12.17"]
[Round "4.2"]
[White "Biriukov, Nikolai"]
[Black "Tereick, Benjamin"]
[Result "0-1"]
[WhiteElo "2321"]
[BlackElo "2332"]
[Annotator "Daniel"]
[PlyCount "59"]
[EventDate "2017.??.??"]
[WhiteTeam "Bahn-SC Wuppertal 1"]
[BlackTeam "SV Dinslaken 1"]

1. c4 e6 2. Nf3 d5 3. g3 Nf6 4. Bg2 Be7 5. O-O O-O 6. d4 dxc4 7. Qc2 b6 8. Qxc4
Bb7 9. Nc3 Nbd7 10. Bf4 c5 11. Rad1 a6 12. dxc5 b5 13. Qb3 Qc8 14. Bd6 Nxc5 15.
Qb4 Bxd6 16. Rxd6 Qc7 17. Rdd1 a5 18. Qh4 b4 19. Nb5 Qb6 20. Nd6 Bd5 21. Nc4
Qa6 22. Nfe5 Rac8 23. Rd4 Nce4 24. Rc1 Nd6 25. Bh3 Nfe4 26. b3 Nc3 27. Rc2 a4
28. Nd7 Rfd8 29. Nc5 axb3 30. Nxd6 {ZÜ} 0-1